Welcome to the Holygrace Academy Library

Please use search bar below to get started

WHO'S BEEN SLEEPING IN MY PORRIDGE (Record no. 6451)

MARC details
000 -LEADER
fixed length control field 00310nam a22001337a 4500
020 ## - INTERNATIONAL STANDARD BOOK NUMBER
ISBN 0-7445-7782-9
082 ## - DEWEY DECIMAL CLASSIFICATION NUMBER
Classification number 823
Item number MCN/W
100 ## - MAIN ENTRY--AUTHOR NAME
Personal name MCNAUGHTON , COLIN
245 ## - TITLE STATEMENT
Title WHO'S BEEN SLEEPING IN MY PORRIDGE
260 ## - PUBLICATION, DISTRIBUTION, ETC. (IMPRINT)
Place of publication LONDON
Name of publisher WALKER BOOKS LTD
Year of publication 2000
300 ## - PHYSICAL DESCRIPTION
Number of Pages 124
520 ## - SUMMARY, ETC.
Summary, etc SHORT STORY
942 ## - ADDED ENTRY ELEMENTS (KOHA)
Koha item type Books
Holdings
Withdrawn status Lost status Collection code Home library Current library Shelving location Date acquired Source of acquisition Full call number Accession Number Koha item type
    Fiction Main Library Main Library SHELF 15-K-CHILDREN'S STORYBOOKS 23/07/2019 Purchase 823 MCN/W 11483 Books